[Event "Wch Blitz 9th"]
[Site "Berlin"]
[Date "2015.10.14"]
[Round "19"]
[White "Edouard, Romain"]
[Black "Grandelius, Nils"]
[Result "1-0"]
[WhiteElo "2636"]
[BlackElo "2647"]
[PlyCount "71"]
[EventDate "2015.10.13"]
[EventType "swiss (blitz)"]
[EventRounds "21"]
[EventCountry "GER"]
[SourceTitle "CBM 168 Extra"]
[Source "ChessBase"]
[SourceDate "2015.10.29"]
[SourceVersion "1"]
[SourceVersionDate "2015.10.29"]
[SourceQuality "1"]

1. Nf3 d5 2. b3 Bg4 3. Bb2 e6 4. h3 Bh5 5. e3 Nf6 6. g4 Bg6 7. Ne5 Nfd7 8. Nxg6 ({RR} 8. Bg2 Nxe5 9. Bxe5 Nc6 10. Bb2 h5 11. d3 hxg4 12. hxg4 Rxh1+ 13. Bxh1 Qh4 14. Bf3 Bb4+ 15. Ke2 O-O-O 16. Nd2 e5 17. Qh1 Qg5 18. Bxd5 Qxg4+ 19. Bf3 Qe6 20. Nc4 f6 21. Rg1 Qf7 22. Qg2 Bh5 {Askarov,B (2314)-Weetik,V (2423) chess.com INT 2025 1-0}) 8... hxg6 9. Bg2 Nc6 $146 ({RR} 9... c6 10. d3 a5 11. a3 Nf6 12. Nd2 Nbd7 13. Qe2 Bd6 14. f4 Qe7 15. O-O e5 16. f5 gxf5 17. Rxf5 O-O-O 18. c4 Kb8 19. cxd5 Nxd5 20. Nc4 Bc7 21. b4 g6 22. Rff1 f5 23. bxa5 fxg4 24. Qxg4 {Sivuk,V (2502)-Bellahcene,B (2517) Cap d'Agde FRA 2024 1-0 (45)}) ({RR} 9... Nf6 10. c4 c6 11. Qe2 Nbd7 12. Nc3 Bd6 13. Rd1 Qe7 14. O-O O-O 15. d4 Bb4 16. Qc2 a6 17. Ne2 Rac8 18. Nf4 Bd6 19. Rfe1 Rfd8 20. Nd3 e5 21. dxe5 Nxe5 22. Nf4 dxc4 23. bxc4 Ba3 24. Bd4 {Grischuk,A (2772)-Fressinet,L (2662) Riadh 2017 1-0 (95)}) 10. d3 g5 11. Nd2 Nce5 12. Qe2 Ng6 13. Nf3 Bb4+ 14. c3 Bd6 15. O-O-O a5 16. c4 Rh7 17. cxd5 exd5 18. Nd4 c6 19. Nf5 Be5 20. d4 Bc7 21. f4 a4 22. Kb1 axb3 23. axb3 gxf4 24. e4 dxe4 25. Bxe4 Kf8 26. d5 cxd5 27. Bxd5 Be5 28. Bxf7 Qa5 29. Rxd7 Qa2+ 30. Kc1 f3 31. Qc2 Bxb2+ 32. Qxb2 Qa1+ 33. Qxa1 Rxa1+ 34. Kb2 Rxh1 35. Bxg6 Rh2+ 36. Ka3 1-0

[Event "Wch Blitz 9th"]
[Site "Berlin"]
[Date "2015.10.14"]
[Round "19"]
[White "Hausrath, Daniel"]
[Black "Fedorchuk, Sergey A"]
[Result "1-0"]
[WhiteElo "2503"]
[BlackElo "2635"]
[PlyCount "85"]
[EventDate "2015.10.13"]
[EventType "swiss (blitz)"]
[EventRounds "21"]
[EventCountry "GER"]
[SourceTitle "CBM 168 Extra"]
[Source "ChessBase"]
[SourceDate "2015.10.29"]
[SourceVersion "1"]
[SourceVersionDate "2015.10.29"]
[SourceQuality "1"]

1. Nf3 {Bulletin} Nf6 2. g3 b5 3. Bg2 Bb7 4. O-O e6 5. d3 ({RR} 5. b3 Be7 6. c4 bxc4 7. bxc4 c5 8. Nc3 O-O 9. Rb1 Bc6 10. Bb2 d6 11. e3 Nbd7) 5... c5 6. e4 d6 7. a4 a6 8. Re1 ({RR} 8. axb5 axb5 9. Rxa8 Bxa8 10. Na3 Bc6 11. e5 Nfd7 12. exd6 Bxd6 13. Ng5 b4 ({RR} 13... Qb6) 14. Nc4 Nf6 15. Qe2 Bxg2 16. Kxg2 Be7 17. Be3 O-O 18. Ra1 Nd5 19. Ne4 Qc7 20. f3 Nd7 21. Bf2 Re8 22. Qe1 f5 {Vukic,M (2480)-Karpov,A (2725) Bugojno 1978 MCL [Bulletin] ½-½ (57)}) ({RR} 8. Nc3 b4 9. Ne2 Qc7 10. Bf4 Nc6 11. Nd2 Be7 12. c3 O-O 13. Qc2 Rac8 14. h3 Rfd8 15. g4 Na5 16. Bh2 bxc3 17. bxc3 c4 18. g5 cxd3 19. Qxd3 Nd7 20. f4 Nc4 21. Rfb1 Nxd2 22. Qxd2 Nc5 {Karimov,I (2307)-Fedorchuk,S (2652) Tashkent 2013 0-1 (33)}) 8... Nbd7 ({RR} 8... Be7 9. c3 O-O 10. Nbd2 Nc6 11. axb5 axb5 12. Rxa8 Qxa8 13. Qc2 b4 14. Nc4 d5 15. Nce5 b3 16. Qxb3 Na5 17. Qa4 dxe4 18. dxe4 Nxe4 19. b4 Nxc3 20. Qxa5 cxb4 21. Qxa8 Rxa8 22. Nd4 Bd5 23. Bd2 {Begmuratov,A (2395)-Kodiri,P (1802) Moscow RUS 2024 ½-½ (78)}) 9. Nbd2 Be7 10. Nf1 $146 ({RR} 10. c3 O-O 11. b3 Qb6 12. Bb2 Rfc8 13. Qe2 Ne8 14. Nf1 Bf6 15. Ne3 Nb8 16. axb5 axb5 17. Rxa8 Bxa8 18. h4 Nc6 19. Ng4 Na5 20. Nxf6+ Nxf6 21. b4 Nb7 22. Bh3 c4 23. d4 Nd8 24. d5 Rc7 {Geveke,M (2315)-Saljova,S (2225) Pardubice 1998 1-0}) ({RR} 10. c4 bxa4 11. Qxa4 O-O 12. b4 cxb4 13. Qxb4 Qc7 14. e5 Nxe5 15. Nxe5 Bxg2 16. Nxf7 Bc6 17. Ng5 Ng4 18. Nxe6 Nxf2 19. Ne4 Nh3+ 20. Kg2 Qd7 21. Nxf8 Rxf8 22. Qb6 Rf2+ 23. Qxf2 Nxf2 24. Kxf2 d5 {Jozwik,J (2022)-Szewczak,A (1964) Warsaw 2008 0-1 (32)}) 10... O-O 11. h4 c4 12. Ne3 cxd3 13. cxd3 Nc5 14. a5 Rc8 15. Nh2 Qc7 16. Nhg4 Nfd7 17. b3 Ne5 18. d4 Nxg4 19. Nxg4 Nd7 20. Bb2 Qc2 21. Re2 Qxd1+ 22. Rxd1 Rc7 23. Ne3 Rfc8 24. d5 e5 25. Bh3 g6 26. Ba3 Rd8 27. Rc2 Rxc2 28. Nxc2 Bc8 29. Nb4 Nc5 30. Bxc8 Rxc8 31. Nc6 Kf8 32. Bxc5 dxc5 33. Nxe5 Bd6 34. Nc6 Re8 35. Re1 f6 36. f4 c4 37. bxc4 bxc4 38. Kf2 c3 39. Kf3 Ba3 40. Re2 Bc1 41. Rc2 Bd2 42. d6 Rc8 43. d7 1-0

[Event "Wch Blitz 9th"]
[Site "Berlin"]
[Date "2015.10.14"]
[Round "19"]
[White "Sasikiran, Krishnan"]
[Black "Bruzon Batista, Lazaro"]
[Result "1-0"]
[WhiteElo "2639"]
[BlackElo "2659"]
[PlyCount "105"]
[EventDate "2015.10.13"]
[EventType "swiss (blitz)"]
[EventRounds "21"]
[EventCountry "GER"]
[SourceTitle "CBM 168 Extra"]
[Source "ChessBase"]
[SourceDate "2015.10.29"]
[SourceVersion "1"]
[SourceVersionDate "2015.10.29"]
[SourceQuality "1"]

1. e4 c5 2. Nf3 e6 3. g3 Nc6 4. Bg2 Nf6 5. d3 d5 6. Nbd2 g6 7. O-O Bg7 8. Re1 O-O 9. exd5 Nxd5 10. a3 b6 11. Rb1 Bb7 12. Ne4 a5 $146 ({RR} 12... h6 13. c4 Nde7 14. b4 cxb4 15. axb4 f5 16. Ned2 Qxd3 17. Rxe6 Qd7 18. Re1 a5 19. bxa5 bxa5 20. Qa4 Rfd8 21. Nb3 Ne5 22. Qxd7 Nxf3+ 23. Bxf3 Rxd7 24. Nc5 Bxf3 25. Nxd7 Be4 26. Rb6 Bd4 27. Nf6+ {Sergeev,V (2522)-Grabarczyk,B (2423) Kolobrzeg 2011 1-0}) 13. h4 h6 14. a4 Qc7 15. c3 Rad8 16. Bd2 Ba6 17. Bf1 Nde7 18. Qc2 Nf5 19. Rbd1 Rd7 20. Bf4 e5 21. Bc1 Nd6 22. Nfd2 f5 23. Nxd6 Rxd6 24. Qb3+ Kh7 25. Nc4 Bxc4 26. Qxc4 Qd7 27. Qb3 Rd8 28. Be2 h5 29. Bg5 Rb8 30. Qb5 Qc7 31. Bf3 Nd8 32. d4 cxd4 33. cxd4 e4 34. Bg2 Ne6 35. d5 Nc5 36. Bf4 Rbd8 37. Bxd6 Rxd6 38. Bf1 Qd8 39. b4 axb4 40. Qxb4 f4 41. Rxe4 Nxe4 42. Qxe4 fxg3 43. fxg3 Qc7 44. Kg2 Rd7 45. Bd3 Rd6 46. Qf3 Kh8 47. Re1 Qd7 48. Re2 Qd8 49. Re6 Rxd5 50. Bxg6 Qd7 51. Re2 Re5 52. Rxe5 Bxe5 53. Qxh5+ 1-0

[Event "Wch Blitz 9th"]
[Site "Berlin"]
[Date "2015.10.14"]
[Round "19"]
[White "Zhang, Zhong"]
[Black "Godena, Michele"]
[Result "1-0"]
[WhiteElo "2619"]
[BlackElo "2513"]
[PlyCount "57"]
[EventDate "2015.10.13"]
[EventType "swiss (blitz)"]
[EventRounds "21"]
[EventCountry "GER"]
[SourceTitle "CBM 168 Extra"]
[Source "ChessBase"]
[SourceDate "2015.10.29"]
[SourceVersion "1"]
[SourceVersionDate "2015.10.29"]
[SourceQuality "1"]

1. Nf3 d5 2. g3 Nc6 3. Bg2 e5 4. d3 Nf6 5. O-O Be7 6. Nbd2 e4 7. Ne1 ({RR} 7. dxe4 dxe4 8. Ng5 e3 9. fxe3 O-O 10. Nge4 Nxe4 11. Nxe4 Be6 12. Nf2 Qxd1 13. Rxd1 Nb4 14. Bd2 a5 15. Nd3 c6 16. Nf4 Nxc2 17. Rac1 Nb4 18. a3 Nd5 19. Bxd5 cxd5 20. Rc7 Bf6 21. Bc3 Bxc3 {Mamedov,R (2646)-Dubov,D (2708) chess24.com INT 2022 1-0 (42)}) ({RR} 7. dxe4 dxe4 8. Ng5 e3 9. fxe3 O-O 10. Nde4 Be6 11. Nxe6 fxe6 12. Qxd8 Nxd8 13. Bd2 Nxe4 14. Rxf8+ Bxf8 15. Bxe4 c6 16. Bc3 Nf7 17. Rd1 Rd8 18. Rxd8 Nxd8 19. Bd4 a6 20. Bb6 Nf7 21. Kf2 Bd6 {Piesik,P (2434)-Parfenov,V (2193) chess.com INT 2025 1-0 (53)}) 7... Bf5 8. e3 $146 ({RR} 8. c4 dxc4 9. Nxc4 O-O 10. Bf4 Nd4 11. Ne3 Bg6 12. dxe4 Nxe4 13. Bxc7 Qxc7 14. Nd5 Qd7 15. Nxe7+ Qxe7 16. Qxd4 Nf6 17. Nd3 Qxe2 18. Nf4 Qa6 19. Nxg6 hxg6 20. Qb4 Rab8 21. Rfe1 Rfe8 22. Rxe8+ Rxe8 {Morrison,G-Baker,C Chester/ Cheshire 1979 1-0 (41)}) ({RR} 8. c4 dxc4 9. Nxc4 O-O 10. Bg5 Re8 11. Ne3 Bg6 12. dxe4 Bxe4 13. Qa4 Nd4 14. Rd1 c5 15. Nf3 Bc6 16. Qc4 Bb5 17. Rxd4 Qb6 18. Qb3 cxd4 19. Nxd4 Ba6 20. Qxb6 axb6 21. Nef5 Bc5 22. Bxf6 gxf6 {Foglieni,M (1928)-Godena,M (2509) Bergamo 2015 0-1 (33)}) ({RR} 8. c3 Qd7 9. Qa4 exd3 10. Nxd3 O-O 11. Nf3 Rad8 12. Bf4 Ne4 13. Rad1 Rfe8 14. Rfe1 a6 15. Qb3 Na5 16. Nde5 Nxb3 17. Nxd7 Rxd7 18. axb3 Bc5 19. Nd4 Bg6 20. b4 Bb6 21. Kf1 h6 22. Bh3 Rdd8 {Piskur,M (2321)-Bratko,I (2135) Ljubljana 2005 ½-½ (65)}) 8... Bg4 9. f3 exf3 10. Nexf3 Qd7 11. Qe1 O-O-O 12. a3 Rde8 13. b4 Bd6 14. Bb2 Ne5 15. Nd4 h5 16. N2b3 h4 17. Nc5 Bxc5 18. bxc5 Bh3 19. gxh4 Bxg2 20. Kxg2 Nfg4 21. Qg3 g5 22. Nf5 gxh4 23. Qf4 h3+ 24. Kh1 Rh5 25. Ng7 Reh8 26. Nxh5 Rxh5 27. Rg1 Rf5 28. Rxg4 Rxf4 29. Rg8+ 1-0

[Event "Wch Blitz 9th"]
[Site "Berlin"]
[Date "2015.10.14"]
[Round "20"]
[White "Lenic, Luka"]
[Black "Svane, Rasmus"]
[Result "1-0"]
[WhiteElo "2639"]
[BlackElo "2543"]
[PlyCount "79"]
[EventDate "2015.10.13"]
[EventType "swiss (blitz)"]
[EventRounds "21"]
[EventCountry "GER"]
[SourceTitle "CBM 168 Extra"]
[Source "ChessBase"]
[SourceDate "2015.10.29"]
[SourceVersion "1"]
[SourceVersionDate "2015.10.29"]
[SourceQuality "1"]

1. Nf3 Nf6 2. g3 b6 3. Bg2 Bb7 4. O-O g6 5. d3 Bg7 6. e4 d6 7. Re1 O-O 8. Nc3 ({RR} 8. Nbd2 c5 9. c3 Nc6 10. d4 cxd4 11. cxd4 Rc8 12. a3 Nd7 13. Nb3 e5 14. Bg5 Bf6 15. Bh6 Bg7 16. Bg5 Bf6 17. Bh6 Bg7 18. Qd2 Qe7 19. Rad1 Bxh6 20. Qxh6 Nxd4 21. Nbxd4 exd4 22. Nxd4 Ne5 {Ghasi,A (2502)-Johansson,L (2392) Fagernes NOR 2025 ½-½ (56)}) 8... e5 $146 ({RR} 8... c5 9. d4 cxd4 10. Nxd4 Qd7 11. Nd5 Nc6 12. Nxc6 Bxc6 13. Bg5 Bxd5 14. exd5 Rac8 15. c3 Rfe8 16. a4 h6 17. Bd2 Qf5 18. Qb1 Qxb1 19. Rexb1 a5 20. Be3 Rb8 21. Ra3 Nd7 22. Bf1 Rec8 23. Bb5 {Carlsen,M (2835)-Bortnyk,O (2608) chess.com INT 2023 1-0 (47)}) ({RR} 8... c5 9. d4 cxd4 10. Nxd4 Nfd7 11. Bg5 h6 12. e5 Bxg2 13. exd6 Qc8 14. dxe7 Re8 15. Ncb5 Nc6 16. Nd6 Nxd4 17. Nxc8 Bf3 18. Qd3 Raxc8 19. Bxh6 Nc5 20. Qe3 Nxc2 21. Qxf3 Bxh6 22. Rad1 Nxe1 23. Rxe1 {Srihari,L (2484)-Nihal,S (2676) Doha QAT 2024 0-1 (56)}) 9. d4 Nbd7 10. a4 a5 11. d5 Nc5 12. Bg5 h6 13. Bd2 Ne8 14. Nh4 Kh7 15. Be3 Bf6 16. Nf3 Bg7 17. h4 Bc8 18. h5 g5 19. Nh2 f5 20. exf5 Bxf5 21. Bxc5 bxc5 22. Be4 Qd7 23. Qd3 Kg8 24. Bxf5 Rxf5 25. Ne4 Nf6 26. Nxf6+ Rxf6 27. Qe4 Raf8 28. Ng4 Rf3 29. Re3 Rxe3 30. Nxe3 Qf7 31. Rf1 Qxh5 32. Nc4 Qh3 33. Nxa5 h5 34. Nc6 h4 35. Ne7+ Kf7 36. Nf5 Rh8 37. g4 Bf6 38. Ra1 Rb8 39. Ra3 Qxa3 40. bxa3 1-0

[Event "Wch Blitz 9th"]
[Site "Berlin"]
[Date "2015.10.14"]
[Round "20"]
[White "Petrosian, Tigran L"]
[Black "Matlakov, Maxim"]
[Result "1-0"]
[WhiteElo "2625"]
[BlackElo "2689"]
[PlyCount "113"]
[EventDate "2015.10.13"]
[EventType "swiss (blitz)"]
[EventRounds "21"]
[EventCountry "GER"]
[SourceTitle "CBM 168 Extra"]
[Source "ChessBase"]
[SourceDate "2015.10.29"]
[SourceVersion "1"]
[SourceVersionDate "2015.10.29"]
[SourceQuality "1"]

1. Nf3 c5 2. g3 g6 3. c3 ({RR} 3. d4 cxd4 4. Nxd4 Bg7 5. Nb3 a5 6. a4 Nc6 7. Bg2 Nf6 8. O-O O-O 9. Nc3 d6 10. h3 Be6 11. e4 Qc8 12. Kh2 Nb4 13. Nd4 Bc4 14. Re1 Rd8 15. Be3 h5 16. Qd2 Ba6 17. f4 e5 {Shandrygin,N (2209)-Janaszak,D (2306) chess.com INT 2025 1-0 (44)}) 3... b6 ({RR} 3... d5 4. Bg2 Nf6 5. d4 Nbd7 6. Ne5 Qb6 7. dxc5 Qxc5 8. Nd3 Qc7 9. Qa4 Bg7 10. Bf4 Qd8 11. O-O O-O 12. Nd2 Nb6 13. Qb3 Bg4 14. Rfe1 Qc8 15. Qb4 Re8 16. a4 Nbd7 17. Ne5 a5 18. Qb5 {Nakamura,H (2746)-Gareyev,T (2557) Saint Louis 2019 1-0 (33)}) 4. Bg2 Bb7 5. O-O Bg7 $146 ({RR} 5... Nf6 6. d3 Bg7 7. e4 d6 8. Nbd2 Nbd7 9. Re1 O-O 10. d4 cxd4 11. cxd4 Qc7 12. b3 Rac8 13. Ba3 b5 14. Bh3 h5 15. Ng5 Ng4 16. Ndf3 Qa5 17. Bb2 Rc7 18. Bg2 e6 19. Re2 Rfc8 20. a3 {Petrosian,T-Beliavsky,A Moscow 1975 ½-½ (40)}) 6. d3 d5 7. Nbd2 Nf6 8. Qc2 Nc6 9. e4 O-O 10. Re1 e6 11. a3 Rc8 12. h3 c4 13. d4 dxe4 14. Nxe4 Nxe4 15. Rxe4 Na5 16. Re2 Nb3 17. Rb1 Nxc1 18. Rxc1 b5 19. h4 a5 20. h5 Bd5 21. Rce1 Rb8 22. Ne5 Bxg2 23. Kxg2 Qc7 24. Qe4 Rb6 25. Qh4 b4 26. axb4 axb4 27. Rh1 g5 28. Qe4 h6 29. Ra1 bxc3 30. bxc3 Rb3 31. Qf3 Rfb8 32. Ra4 Bxe5 33. Rxe5 Rxc3 34. Qxc3 Qc6+ 35. d5 Qxa4 36. dxe6 Qc6+ 37. Kh2 fxe6 38. Re1 Rf8 39. Kg1 Qc5 40. Re3 Qd5 41. Qc2 Rf6 42. Ra3 Qf5 43. Qb2 Kh7 44. Rc3 Qe4 45. Re3 Qf5 46. Rc3 Qd5 47. Qe2 Rf7 48. Rxc4 Kg7 49. Re4 Rf6 50. Re5 Qb3 51. Rc5 Qb1+ 52. Kh2 Qb7 53. Qc2 Qf3 54. Rc7+ Rf7 55. Qg6+ Kf8 56. Qxh6+ Ke8 57. Qxe6+ 1-0

[Event "Wch Blitz 9th"]
[Site "Berlin"]
[Date "2015.10.14"]
[Round "21"]
[White "Roiz, Michael"]
[Black "Al Sayed, Mohammed"]
[Result "1-0"]
[WhiteElo "2600"]
[BlackElo "2520"]
[PlyCount "35"]
[EventDate "2015.10.13"]
[EventType "swiss (blitz)"]
[EventRounds "21"]
[EventCountry "GER"]
[SourceTitle "CBM 168 Extra"]
[Source "ChessBase"]
[SourceDate "2015.10.29"]
[SourceVersion "1"]
[SourceVersionDate "2015.10.29"]
[SourceQuality "1"]

1. Nf3 Nf6 2. g3 g6 3. b3 Bg7 4. Bb2 O-O 5. Bg2 c5 6. c4 Nc6 7. O-O d5 8. cxd5 Nxd5 9. Bxg7 Kxg7 10. d4 cxd4 11. Nxd4 Nxd4 12. Qxd4+ Nf6 13. Qe5 Qb6 14. Nc3 Be6 15. Na4 Qb4 16. Nc5 ({RR} 16. Qc5 a5 17. Qxb4 axb4 18. Bxb7 Ra5 19. Rfc1 Rd8 20. Rc5 Ra7 21. Bc6 Rd2 22. Kf1 Nd7 23. Rcc1 Ne5 24. Ke1 Rd6 25. Bg2 Bd7 26. Nc5 Bb5 27. Rc2 Nc6 28. Bxc6 Rxc6 29. Rac1 Rac7 30. Kd2 Rd6+ {Meier,G (2647)-Sebenik,M (2551) Chess.com INT 2018 1-0 (67)}) 16... Bg4 ({RR} 16... Bd5 17. Qxe7 Qb6 18. Bxd5 Rae8 19. Ne6+ Qxe6 20. Qxf8+ Kxf8 21. Bxe6 Rxe6 22. e3 Ne4 23. Rac1 Ra6 24. Rc2 h5 25. Rd1 Kg7 26. Rd7 b6 27. Rcc7 Rxa2 28. Rxf7+ Kh6 29. Rxa7 Rb2 30. h4 g5 31. Rae7 {Erdogmus,Y (2618)-Faizrakhmanov,R (2420) chess.com INT 2025 1-0 (37)}) 17. h3 $146 ({RR} 17. Bxb7 Rab8 18. a3 Qd2 19. Rfe1 Qd6 20. Qe3 Nd5 21. Bxd5 Qxd5 22. b4 Bh3 23. f3 Rfe8 24. Red1 Qc6 25. Rac1 Qf6 26. Ne4 Qb2 27. Rc3 Rbd8 28. Rcd3 Rxd3 29. Rxd3 Qb1+ {0-1 (29) Kurmangaliyeva,L (2288)-Sharapov,E (2375) chess.com INT 2023}) ({RR} 17. Qxe7 a5 18. a3 Qb6 19. Rfc1 Rab8 20. Nxb7 Rfe8 21. Qc7 Qxb3 22. Nxa5 Qb2 23. Nc4 Qb3 24. Na5 Qb2 25. Nc4 Qb3 26. e3 Rec8 27. Qf4 Be6 28. Bf1 Rc5 29. Nd2 Rxc1 30. Nxb3 Rxa1 31. Qxb8 Rb1 {Rambaldi,F (2556)-Thakoerdien,J (2223) Porto Mannu 2018 1-0 (39)}) 17... Rac8 18. Nd3 1-0

[Event "EU-Cup 31st"]
[Site "Skopje"]
[Date "2015.10.19"]
[Round "2.1"]
[White "Ivanchuk, Vassily"]
[Black "Hammer, Jon Ludvig"]
[Result "1-0"]
[WhiteElo "2726"]
[BlackElo "2680"]
[PlyCount "65"]
[EventDate "2015.10.18"]
[EventType "team-swiss"]
[EventRounds "7"]
[EventCountry "MKD"]
[SourceTitle "CBM 169"]
[Source "ChessBase"]
[SourceDate "2015.11.10"]
[SourceVersion "1"]
[SourceVersionDate "2015.11.10"]
[SourceQuality "1"]
[WhiteTeam "Alkaloid"]
[BlackTeam "Oslo Schakselskap"]
[WhiteTeamCountry "MKD"]
[BlackTeamCountry "NOR"]

1. Nf3 d5 2. c4 d4 3. b4 c5 4. g3 a5 5. b5 ({RR} 5. bxc5 Nc6 6. d3 e5 7. Ba3 Nf6 8. Nbd2 Qc7 9. Bg2 Nb4 10. Nb3 Na6 11. O-O a4 12. Nbxd4 exd4 13. Nxd4 Nxc5 14. Nb5 Qa5 15. Rb1 Bd7 16. d4 Nce4 17. Qd3 Nd2 18. Qe3+ Be6 19. Bxb7 Nxc4 {Svidler,P (2714)-Vidit,S (2726) chess24.com INT 2021 0-1 (52)}) ({RR} 5. bxc5 Nc6 6. Bg2 e5 7. d3 Bxc5 8. O-O Nge7 9. a4 O-O 10. Na3 h6 11. Nb5 f5 12. Ba3 Bxa3 13. Rxa3 Be6 14. Ra1 Qb6 15. Rb1 Qd8 16. c5 Nd5 17. Qc1 Qf6 18. Nd2 Ncb4 19. Qb2 e4 {Chigaev,M (2632)-Atanasov,A (2361) chess.com INT 2023 1-0 (35)}) 5... g6 $146 ({RR} 5... Nd7 6. Bg2 e5 7. d3 Be7 8. O-O Ngf6 9. e3 O-O 10. Re1 Re8 11. Nbd2 Ra7 12. h3 b6 13. Qe2 Bd6 14. e4 Kh8 15. Nh4 g6 16. Qf1 Ng8 17. Ndf3 Nf8 18. Nh2 Ne6 19. N4f3 Ng7 20. Ng4 {Hauchard,A (2539)-Argandona Riveiro,I (2408) Plovdiv 2010 ½-½}) 6. Bg2 Bg7 7. O-O Ra7 8. a4 b6 9. Ra2 e5 10. d3 Be6 11. Ng5 Bc8 12. e4 f6 13. Nh3 h5 14. f4 Bg4 15. Qe1 Qc8 16. Nf2 Bd7 17. Nd2 h4 18. gxh4 Nh6 19. Nf3 exf4 20. Bxf4 O-O 21. e5 fxe5 22. Bxe5 Bf5 23. Re2 Bxe5 24. Nxe5 Rg7 25. Qd2 Rh7 26. Ne4 Nd7 27. Ng5 Re7 28. Ng4 Bxg4 29. Rxe7 Rxf1+ 30. Bxf1 Nf5 31. Qf4 Nxe7 32. Qf7+ Kh8 33. Qh7# 1-0

[Event "Titled Tuesday intern op 3rd Nov"]
[Site "Chess.com INT"]
[Date "2015.11.03"]
[Round "7"]
[White "Bartel, Mateusz"]
[Black "Hammer, Jon Ludvig"]
[Result "1-0"]
[WhiteElo "2624"]
[BlackElo "2682"]
[PlyCount "139"]
[EventDate "2015.11.03"]
[EventType "swiss (blitz)"]
[EventRounds "9"]
[EventCountry "USA"]
[SourceTitle "EXT 2021"]
[Source "ChessBase"]
[SourceDate "2020.10.23"]
[SourceVersion "1"]
[SourceVersionDate "2020.10.23"]
[SourceQuality "1"]

1. g3 e5 2. Bg2 d5 3. d3 Nf6 4. Nf3 Nc6 5. O-O Be7 6. c3 O-O 7. Qc2 Re8 ({RR} 7... a5 8. e4 Re8 9. Re1 Bf8 10. h3 h6 11. Nbd2 Be6 12. Nf1 a4 13. g4 Nd7 14. Ng3 g6 15. Be3 Kh7 16. exd5 Bxd5 17. Ng5+ hxg5 18. Bxd5 f6 19. d4 exd4 20. Bxd4 Rxe1+ 21. Rxe1 Nde5 22. Bxe5 {Petrosian,T (2551)-Tabatabaei,M (2660) Almaty KAZ 2022 1-0 (92)}) ({RR} 7... a5 8. Nbd2 Be6 9. e4 Qd7 10. Re1 dxe4 11. dxe4 Rfd8 12. Bf1 Bc5 13. Nb3 Bb6 14. Be3 Bxe3 15. Rxe3 Qe7 16. Rd1 Rxd1 17. Qxd1 a4 18. Nc1 Qc5 19. Nd3 Qd6 20. Qb1 h6 21. Nde1 Ng4 22. Rd3 {Mulay,P (2057)-Kholopov,A (2133) Paracin SRB 2025 ½-½}) 8. e4 h6 9. h3 $146 ({RR} 9. exd5 Nxd5 10. Re1 Bf8 11. Nbd2 Nb6 12. Rb1 a5 13. b3 Bf5 14. Ne4 Bh7 15. g4 Qd7 16. g5 hxg5 17. Nfxg5 Bf5 18. Be3 f6 19. Nf3 Nd5 20. Kh1 Rad8 21. Rbd1 Qf7 22. Ng3 Bh7 23. Qc1 Qg6 {Bezuch,M (2198)-Pejko,O (2164) Slovakia 2010 ½-½ (42)}) ({RR} 9. Re1 Bf8 10. Nbd2 g6 11. exd5 Nxd5 12. Nc4 Bg7 13. Bd2 Nb6 14. Ne3 a5 15. a4 Qd6 16. Rad1 Be6 17. Bc1 Rad8 18. b3 Qc5 19. Nd2 Nd5 20. Nec4 Bg4 21. Nf3 Nxc3 22. Ba3 Nb4 23. Qxc3 e4 {Delaney,P-Vincent,S Tjentiste 1975 0-1 (37)}) 9... Bf8 10. Re1 Be6 11. Nbd2 Qd7 12. Kh2 Rad8 13. Nb3 a5 14. Be3 dxe4 15. dxe4 Qd3 16. Qxd3 Rxd3 17. Bf1 Rdd8 18. Nc5 Bc8 19. Bb5 Nd7 20. Bxc6 bxc6 21. Nxd7 Rxd7 22. Red1 f6 23. Rxd7 Bxd7 24. Nd2 Be6 25. a4 Rd8 26. h4 c5 27. Kg2 c4 28. Kf1 g5 29. hxg5 hxg5 30. Ke2 g4 31. Kd1 f5 32. Kc2 fxe4 33. Rh1 Bg7 34. Rh5 Kf7 35. Nxe4 Bd7 36. Nc5 Bc6 37. Rf5+ Kg8 38. Rg5 Re8 39. Rxg4 Bf3 40. Rxc4 c6 41. Rh4 Bf8 42. Ne4 Be7 43. Ng5 Bxg5 44. Bxg5 Kg7 45. Rh6 Rf8 46. Be3 Rd8 47. b3 Bd1+ 48. Kb2 Rb8 49. Rxc6 Bxb3 50. Ka3 Bd1 51. Bb6 Rf8 52. Rd6 Bc2 53. Rd2 Be4 54. Bxa5 Ra8 55. Bb6 Rc8 56. Kb4 Kg6 57. a5 Kf5 58. c4 Ra8 59. Kb5 Bb7 60. Rd7 Ba6+ 61. Kb4 Ke6 62. Rd8 Rxd8 63. Bxd8 e4 64. Bb6 Kd6 65. Be3 Ke6 66. Kc5 Ke5 67. g4 Ke6 68. g5 Kf5 69. Kd5 Kg6 70. c5 1-0

[Event "AUT-chT 1516"]
[Site "Austria"]
[Date "2015.11.05"]
[Round "1.4"]
[White "Rotstein, Arkadij"]
[Black "Shengelia, Davit"]
[Result "1-0"]
[WhiteElo "2506"]
[BlackElo "2579"]
[PlyCount "111"]
[EventDate "2015.11.05"]
[EventType "team-tourn"]
[EventRounds "11"]
[EventCountry "AUT"]
[SourceTitle "CBM 169 Extra"]
[Source "ChessBase"]
[SourceDate "2015.12.18"]
[SourceVersion "1"]
[SourceVersionDate "2015.12.18"]
[SourceQuality "1"]
[WhiteTeam "Absam"]
[BlackTeam "Jenbach"]
[WhiteTeamCountry "AUT"]
[BlackTeamCountry "AUT"]

1. g3 d5 2. Nf3 c5 3. Bg2 Nf6 4. O-O h6 5. a3 ({RR} 5. e3 Nc6 6. d4 Bg4 7. c4 e6 8. Qa4 Bxf3 9. Bxf3 cxd4 10. exd4 Be7 11. Nc3 O-O 12. cxd5 Nxd5 13. Nxd5 exd5 14. Be3 Bf6 15. Rfd1 Qd7 16. h4 Rfd8 17. Kg2 Ne7 18. Qxd7 Rxd7 19. Bg4 Rc7 {Nihal,S (2684)-Xiong,J (2693) chess.com INT 2023 ½-½ (78)}) 5... Nc6 $146 ({RR} 5... e6 6. d4 cxd4 7. Nxd4 e5 8. Nb3 Nc6 9. N1d2 Be6 10. e3 Be7 11. Qe2 O-O 12. Rd1 Qc7 13. f4 Bg4 14. Bf3 Bxf3 15. Nxf3 e4 16. Nfd4 Nxd4 17. Nxd4 Rac8 18. b3 Bc5 19. Ra2 Qb6 20. Bb2 {Tarhan,A (2462)-Esmeraldas Huachi,A (2140) chess.com INT 2024 0-1 (43)}) ({RR} 5... e6 6. d4 cxd4 7. Nxd4 e5 8. Nb3 Nc6 9. N1d2 Be6 10. e3 Be7 11. Qe2 O-O 12. Rd1 Qc7 13. f4 Bg4 14. Bf3 Bxf3 15. Nxf3 e4 16. Nfd4 Nxd4 17. Nxd4 Rac8 18. b3 Bc5 19. Ra2 Qb6 20. Bb2 {Tarhan,A (2462)-Esmeraldas Huachi,A (2140) chess.com INT 2024 0-1 (43)}) 6. d4 cxd4 7. Nxd4 e5 8. Nxc6 bxc6 9. c4 Rb8 10. b4 a5 11. b5 cxb5 12. cxd5 Bd6 13. Bb2 O-O 14. Nd2 a4 15. e4 Qe7 16. h3 Ba6 17. Re1 Nd7 18. Nf1 Nc5 19. Ne3 g6 20. f4 h5 21. Rc1 Nb3 22. Rc6 exf4 23. Nf5 gxf5 24. Rxa6 Be5 25. Bxe5 Qxe5 26. Qxh5 fxg3 27. Rf1 Rfc8 28. Qg5+ Qg7 29. Qxf5 Nd4 30. Qh5 Rc2 31. Raf6 Rb7 32. e5 Rbc7 33. Re1 Rf2 34. Rb6 Rc8 35. e6 fxe6 36. dxe6 Ne2+ 37. Kh1 Rxg2 38. Qf7+ Qxf7 39. exf7+ Kxf7 40. Kxg2 Rc2 41. Kf3 Nd4+ 42. Kxg3 Rc3+ 43. Kg4 Nc2 44. Rf1+ Ke7 45. Rf3 Rxf3 46. Kxf3 Nxa3 47. Kf4 Kd7 48. h4 Kc7 49. Rg6 b4 50. h5 b3 51. h6 b2 52. Rg1 Nc4 53. h7 a3 54. h8=Q a2 55. Rg7+ Kc6 56. Qa8+ 1-0